1714 1626 1498 1377 1469 1824 1721 1938 1859 1884 1578 1292 1878 1170 1378 1475 1472 1787 1534 1137 1730 1010 1008 1147 1494 1727 1880 1670 1360 1984 1717 1831 1560 1158 1782 1095 1256 1962 1053 1132 1139 1618 1878 1777 1128 1977 1218 1035 1425 1871 1490 1719 1071 1010 1790 1672 1001 1948 1579 1116 1485 1554 1901 1480 1783 1533 1317 1018 1933 1514 1172 1651 1476 1053 1324 1763 1262 1511 1905 1489 1342 1961 1274 1048 1008 1930 1748 1355 1179 1279 1578 1311 1358 1003 1814 1952 1514 1815 1890 BCNSPRNW ULIB Ver.6.0+V

เปลี่ยนเป็นภาษาไทย

Change to English
 แสดงรายละเอียดบรรณานุกรม
  กลับหน้าหลัก

Brief Record : Get Marc (ISO 2709) : E-mail record : QR code < ปิดหน้าต่าง
LEADER : 00000nam 2200000uu 4500
001    13399113686
003     ULIB
008    111215s||||||||th 000 0 tha d
020    ^a9786167017037
090    ^aนว.^bพ626ล 2552
100 0  ^aพาสเวิร์ด
245 00 ^aเล่ห์ลวงบ่วงวิวาห์/^cพาสเวิร์ด
250    ^aพิมพ์ครั้งที่ 1
260    ^aกรุงเทพฯ :^bอักษรศาสตร์,^c2552
300    ^a298 หน้า
710 1  ^aอักษรศาสตร์
945    ^p249^l0^i028091
995    ^aทศพร
999 ^a ทศพร
รายการนี้ยังไม่มีแท็ก
คุณยังไม่ได้ล็อกอิน คุณสามารถมีกิจกรรมร่วมกับเว็บไซต์ได้ แต่ต้องล็อกอินก่อน ::
  ล็อกอิน

รายการสื่อสารสนเทศ

ลำดับที่ ประเภท เลขเรียก/บาร์โค้ด สถานที่ สถานะ
1. นวนิยาย
นวนิยาย
นว. พ626ล 2552 ฉ.1 
  Barcode: 028091
ห้องสมุดวิทยาเขตสวรรค์ประชารักษ์
►นวนิยาย
บนชั้น
  ขอยืม

รายการใกล้เคียง
    ผู้แต่ง [พาสเวิร์ด]

BibComment


ยังไม่เคยถูกคอมเมนท์

คอมเมนท์ทรัพยากรรายการนี้
  คอมเมนท์: เล่ห์ลวงบ่วงวิวา..


 Copyright 2026. Bcnsprnw @Library